Online
Catalog

Epistolario de Ángel y Rufino José Cuervo con colombianos / (Record no. 6415)

MARC details
000 -CABECERA
campo de control de longitud fija 00703cam a2200181 a 4500
001 - NÚMERO DE CONTROL
campo de control 000006625
005 - FECHA Y HORA DE LA ÚLTIMA TRANSACCIÓN
campo de control 20200929153948.0
008 - DATOS DE LONGITUD FIJA--INFORMACIÓN GENERAL
campo de control de longitud fija 940617s1993 ck ac 000 0 spa
040 ## - FUENTE DE LA CATALOGACIÓN
Centro catalogador/agencia de origen DO-SdBNP
Lengua de catalogación spa
Centro/agencia transcriptor BNPHU
082 ## - NÚMERO DE LA CLASIFICACIÓN DECIMAL DEWEY
Número de clasificación xxx
Número de documento/Ítem A663e
245 00 - MENCIÓN DE TÍTULO
Título Epistolario de Ángel y Rufino José Cuervo con colombianos /
Mención de responsabilidad, etc. edición y notas de Angelina Araújo Vélez.
260 ## - PUBLICACIÓN, DISTRIBUCIÓN, ETC.
Lugar de publicación, distribución, etc. Santafé de Bogotá :
Nombre del editor, distribuidor, etc. Instituto Caro y Cuervo ;
-- Archivo Epistolar Colombiano,
Fecha de publicación, distribución, etc. 1993.
300 ## - DESCRIPCIÓN FÍSICA
Extensión v p. :
Otras características físicas il., retr. ;
Dimensiones 24 cm.
490 1# - MENCIÓN DE SERIE
Mención de serie Archivo Epistolar Colombiano
Designación de volumen o secuencia 21
504 ## - NOTA DE BIBLIOGRAFÍA, ETC.
Nota de bibliografía, etc. Incluye bibliografía e índice.
700 1# - PUNTO DE ACCESO ADICIONAL--NOMBRE DE PERSONA
Nombre de persona Araujo Vélez, Angelina,
Término indicativo de función/relación ed.
9 (RLIN) 18387
830 #0 - PUNTO DE ACCESO ADICIONAL DE SERIE-TÍTULO UNIFORME
Título uniforme Archivo Epistolar Colombiano ;
Designación de volumen o secuencia 21.
9 (RLIN) 18385
Holdings
Estado de retiro Estado de pérdida Restricciones de uso No para préstamo Código de colección Localización permanente Ubicación/localización actual Ubicación en estantería Fecha de adquisición Número de inventario Total de préstamos Signatura topográfica completa Código de barras Fecha visto por última vez Precio válido a partir de Tipo de ítem Koha
        Monografías: Libros y Folletos General General En catalogación 01.09.2009 LF1   v. 1 6625-10 25.06.2020 25.06.2020 Préstamo en sala
        Monografías: Libros y Folletos General General En catalogación 02.02.2010 LF1   v. 2 6625-20 25.06.2020 25.06.2020 Préstamo en sala

Powered by Koha